| 000 | 00489nam a2200169 a 4500 | ||
|---|---|---|---|
| 005 | 20140412111238.0 | ||
| 008 | 010531s19uu xx 00 eng d | ||
| 020 | _a0-7323-3086-6 | ||
| 050 |
_aER _bBa23 1998 |
||
| 100 | _aCrispin, Amanda | ||
| 245 |
_aBarbie charmers: island magic / _cAmanda Crispin; illustrations by Andrea Liddle. |
||
| 260 |
_aAustralia : _bRead for Kids, _c1998. |
||
| 300 | _a64p. ; ill. | ||
| 440 | _aMy Barbie Bookshelf | ||
| 650 | _aFiction | ||
| 999 |
_c102590 _d102590 |
||